LEADER 01545nam a2200265 4500 001 000000364357 003 CaOOAMICUS 005 20250916125436.0 008 250916s1765 it 000 u ita r 026 $alar- a.uo ioe, sepr (3) 1765 (R) 040 $aSeMil$bita 110 01$aConfraternita dei Disciplinati .$0(OLS)http://semarc/name/111473 245 10$aRegola delle confraternite de' Disciplinati per decreto del Concilio Provinciale secondo di Milano, riformata già per ordine di S. Carlo Borromeo, cardinale di S. Prassede ed arcivescovo di Milano. 264 1$aIn Milano :$bPer Gio. Battista Sirtori stampatore arcivescovile,$c1765. 300 $a32 p. ;$c4° 500 $aSegn.: A-B? 650 4$aCongregazioni e confraternite religiose - Milano - Sec. 16.-18.$0(OLS)http://semarc/subject/49109 700 1 $aSirtori, Giovanni Battista,$c.$0(OLS)http://semarc/name/5452 850 $aSeMil 852 $aSeMil$W1$xVenegono$y1$m5B II 39/4 FA$j261882$B255223$CSeMilBibl$Z2$F255223 $8I 852 $aSeMil$W1$xVenegono$y1$m5B II 40/14 FA$j263138$B255521$CSeMilBibl$Z2$F255521 $81 941 1 $a10 996 $6245$aRegola delle confraternite de' Disciplinati per decreto del Concilio Provinciale secondo di Milano, riformata già per ordine di S. Carlo Borromeo, cardinale di S. Prassede ed arcivescovo di Milano$9(OLS)http://semarc/title/455720 996 $6264$aIn Milano :$bPer Gio. Battista Sirtori stampatore arcivescovile$9(OLS)http://semarc/publisher/62572 LEADER 00923nam a2200253 i 4500 001 000000203256 003 CaOOAMICUS 005 20120118000000.0 008 120118s1966 it u000 u ita u 013 $a181968 020 $a88-04-39783-7 040 $aSeMil$bita 100 1 $aBettiza, Enzo <1927-2017>.$0(OLS)http://semarc/name/90395 245 10$aEsilio /$cEnzo Bettiza. 250 $a5. ed. 260 $aMilano :$bArnoldo Mondadori Editore,$c1966. 300 $a470 p. ;$c23 cm. 500 $aIn preliminari: Firma di Indro Montanelli. 850 $aSeMil 852 $aSeMil$W1$xVenegono$y1$m1P IV 73$j153752$B153752$CSeMilBibl$Z2$F172929 $81 961 $aOmaggio: Istituto San Vincenzo 996 $6020$a88-04-39783-7$9(OLS)http://semarc/number/196372 996 $6245$aEsilio$9(OLS)http://semarc/title/294282 996 $6260$aMilano :$bArnoldo Mondadori Editore$9(OLS)http://semarc/publisher/30056